UBT Library

Preventing reading difficulties in young children / (Record no. 43051)

000 -LEADER
fixed length control field 00951cam a2200241 a 4500
001 - CONTROL NUMBER
control field 2614012
005 - DATE AND TIME OF LATEST TRANSACTION
control field 20180221072443.0
008 - FIXED-LENGTH DATA ELEMENTS--GENERAL INFORMATION
fixed length control field 980305s1998 dcu b 001 0 eng
010 ## - LIBRARY OF CONGRESS CONTROL NUMBER
LC control number 98009031
020 ## - INTERNATIONAL STANDARD BOOK NUMBER
International Standard Book Number 030906418X (cloth)
040 ## - CATALOGING SOURCE
Original cataloging agency DLC
Transcribing agency DLC
Modifying agency DLC
041 ## - LANGUAGE CODE
Language code of text/sound track or separate title eng
043 ## - GEOGRAPHIC AREA CODE
Geographic area code n-us---
080 ## - UNIVERSAL DECIMAL CLASSIFICATION NUMBER
Universal Decimal Classification number 372.4 SNO
082 00 - DEWEY DECIMAL CLASSIFICATION NUMBER
Classification number 372.4 SNO
Edition number 21
100 ## - Rafti
Rafti 48
101 ## - Shkurtesa
Shkurtesa EDU
245 10 - TITLE STATEMENT
Title Preventing reading difficulties in young children /
Statement of responsibility, etc Committee on the Prevention of Reading Difficulties in Young Children, Commission on Behavioral and Social Sciences and Education, National Research Council ; Catherine E. Snow, M. Susan Burns, and Peg Griffin, editors.
504 ## - BIBLIOGRAPHY, ETC. NOTE
Bibliography, etc Includes bibliographical references (p. 345-396) and index.
906 ## - LOCAL DATA ELEMENT F, LDF (RLIN)
a 7
b cbc
c orignew
d 1
e ocip
f 19
g y-gencatlg
942 ## - ADDED ENTRY ELEMENTS (KOHA)
Source of classification or shelving scheme
Item type Books
Holdings
Withdrawn status Lost status Source of classification or shelving scheme Damaged status Not for loan Collection code Permanent location Current location Shelving location Date acquired Total Checkouts Full call number Barcode Date last seen Price effective from Koha item type
          Koleksioni i përgjithshem UBT - Lipjan UBT - Lipjan Koleksioni i përgjithshem 02/21/2018   372.4 SNO 002-2999800 02/21/2018 02/21/2018 Books
UBT Library © 2015-2024. All rights reserved University Education for Business and Technology